| 000 | 00622cam a22002291 4500 | ||
|---|---|---|---|
| 001 | sa 68010062 | ||
| 003 | DLC | ||
| 005 | 20260227112549.0 | ||
| 008 | 710915s1968 ii b 000 0 eng | ||
| 010 | _asa 68010062 | ||
| 025 | _aPL480:I-E-11000 | ||
| 040 |
_aDLC _cDLC _dDLC |
||
| 050 | 0 | 0 |
_aKM524.A45 _bA85 1968 |
| 082 | 0 | 0 | _a342.5/01 |
| 110 | 2 | _aAsian-African Legal Consultative Committee. | |
| 245 | 1 | 0 | _aConstitutions of Asian countries. |
| 260 |
_aBombay, _bN. M. Tripathi, _c1968. |
||
| 300 |
_aviii, 1171 p. _c26 cm. |
||
| 350 | _aRs55.00 | ||
| 504 | _aIncludes bibliographies. | ||
| 650 | 0 | _aConstitutions. | |
| 999 |
_c83305 _d83305 |
||